[Event "XVI Cto Aragón Veteranos 2017 Grupo B"]
[Site ""]
[Date "2017.06.10"]
[Round "8"]
[White "Gutierrez Lizarraga Manuel"]
[Black "Arteaga Jimenez Francisco"]
[Result "1/2-1/2"]
[WhiteElo "1339"]
[BlackElo "1661"]

1.c4 e5 2.Nc3 d6 3.d4 Nc6 4.d5 Nce7 5.e4 g6 6.Bd3 Bg7 7.Nge2 Nf6 8.h3 Nd7 9.
O-O O-O 10.f4 exf4 11.Bxf4 Ne5 12.Rf2 Nxd3 13.Qxd3 f5 14.Qd2 fxe4 15.Nxe4 Nf5
16.Raf1 Qe8 17.N4g3 Bd7 18.Nxf5 Bxf5 19.Bh6 Qe5 20.Bxg7 Kxg7 21.g4 Bd7 22.Rxf8
Rxf8 23.Rxf8 Kxf8 24.Qf4+ Qxf4 25.Nxf4 Kf7 26.Kf2 Kf6 27.Kf3 c5 28.b3 b5 29.
Nd3 bxc4 30.bxc4 h5 31.Nf2 hxg4+ 32.hxg4 Ke5 33.Nd3+ Kf6 34.Nf2 1/2-1/2

[Event "XVI Cto Aragón Veteranos 2017 Grupo B"]
[Site ""]
[Date "2017.06.10"]
[Round "8"]
[White "Navarro Rubio Rafael"]
[Black "Ferruz Martinez Rafael"]
[Result "1-0"]
[WhiteElo "1651"]
[BlackElo "1301"]

1.d4 d5 2.e4 c6 3.Bd3 e6 4.Nf3 Be7 5.e5 Nd7 6.O-O b6 7.c3 c5 8.b3 Bb7 9.Qc2
Nf8 10.Ba3 Qc8 11.Nbd2 Ba6 12.c4 cxd4 13.Bxe7 Nxe7 14.Nxd4 Nfg6 15.N4f3 O-O
16.h4 f5 17.exf6 Rxf6 18.h5 Nf4 19.Bxh7+ Kf7 20.Ng5+ Kf8 21.g4 Ne2+ 22.Kh1
dxc4 23.Nxc4 Bb7+ 24.Be4 Bxe4+ 25.Qxe4 Nc3 26.Qd3 Ncd5 27.Nh7+ Kf7 28.Ne5+ 1-0

[Event "XVI Cto Aragón Veteranos 2017 Grupo B"]
[Site ""]
[Date "2017.06.10"]
[Round "8"]
[White "Serra Casas Jaime"]
[Black "Lasierra Arceiz Javier"]
[Result "0-1"]
[WhiteElo "1465"]
[BlackElo "1500"]

1.e4 d5 2.e5 a6 3.d4 Bf5 4.Nc3 e6 5.a3 c5 6.Nf3 c4 7.b3 b5 8.Ne2 Bg4 9.Ng3
cxb3 10.cxb3 Bxf3 11.Qxf3 Qa5+ 12.Bd2 b4 13.a4 Nc6 14.Be3 Qb6 15.Qd1 Nge7 16.
Be2 a5 17.O-O g6 18.Bb5 Bg7 19.Qd2 O-O 20.Rac1 Rac8 21.Rc2 f5 22.f4 h5 23.h4
Kh7 24.Kh2 Ng8 25.Rfc1 Na7 26.Rxc8 Rxc8 27.Rxc8 Nxc8 28.Qc2 Na7 29.Qc5 Qb7 30.
Be2 Nc6 31.Bb5 Na7 32.Ne2 Nh6 33.Kh3 Nf7 34.Nc1 Nd8 35.Be2 Nac6 36.Bb5 Qc7 37.
Nd3 Qb7 38.Qd6 Qc8 39.Nc5 Kg8 40.Ba6 Qb8 41.Nd7 Qxd6 42.exd6 Nf7 43.Ne5 Nb8
44.Bc8 Nxd6 45.Bxe6+ Kh7 46.Bxd5 Bf6 47.Nc6 Nxc6 48.Bxc6 Bd8 49.Kg3 Nc8 50.Kf3
Bxh4 51.d5 Be7 52.Bd7 Nd6 53.Bb6 Nb7 54.Bc8 Bd8 55.Bd4 Nd6 56.Be5 Nxc8 0-1

[Event "XVI Cto Aragón Veteranos 2017 Grupo B"]
[Site ""]
[Date "2017.06.10"]
[Round "8"]
[White "Otal Bornau Jose Miguel"]
[Black "Cervera Soler Ramon"]
[Result "1-0"]
[WhiteElo "1493"]
[BlackElo "1445"]

1.e4 e6 2.d4 d5 3.exd5 exd5 4.c4 Nf6 5.Nc3 Be7 6.Nf3 O-O 7.cxd5 Nxd5 8.Bd3 Bg4
9.h3 Bh5 10.Bxh7+ Kxh7 11.Ng5+ Kg8 12.Qxh5 Bxg5 13.Bxg5 Qe8+ 14.Ne2 Nc6 15.O-O
Qd7 16.Rad1 Qf5 17.Ng3 Qc2 18.Rd2 Qg6 19.Qg4 f6 20.Be3 Qxg4 21.hxg4 Rfe8 22.
Re2 Re7 23.Rfe1 Rae8 24.a3 g6 25.Kf1 Kf7 1-0